000 03403 a2200301 4500
003 Nust
005 20170207154319.0
020 _a978-1-4020-8113-2
040 _cNust
082 0 4 _a658.403
100 1 _aGass, Saul I.
245 1 3 _aAn Annotated Timeline of Operations Research: An Informal History (E-BOOK)
_h[electronic resource] /
_cby Saul I. Gass, Arjang A. Assad.
260 _aBoston, MA :
_bSpringer Science + Business Media, Inc.,
_c2005.
300 _bv.: digital
440 0 _aInternational Series in Operations Research & Management Science,
_v75
505 _a Operations research precursors from 1564 to 1873 (Page-1) Operations research precursors from 1881 to 1935 (Page-19) Birth of operations research from 1936 to 1946 (Page-45) Expansion of operations research from 1947 to 1950 (Page-61) Mathematical, algorithmic and professional developments of operations research from 1951 to 1956 (Page-79) International activities, algorithms, applications, and operations research texts and monographs from 1957 to 1963 (Page-111) Methods, applications and publications from 1964 to 1978 (Page141) Methods, applications, technology, and publications from 1979 to 200 (Page-175)
650 0 _aOperations research
_xHistory.
700 1 _aAssad, Arjang A.
710 2 _aSpringerLink (Online service)
856 4 2 _uhttp://dx.doi.org/10.1007/b105998
856 4 2 _uhttp://link.libris.kb.se/sfxcthb?url_ver=Z39.88-2004&ctx_ver=Z39.88-2004&ctx_enc=info:ofi/enc:UTF-8&rfr_id=info:sid/sfxit.com:opac_856&url_ctx_fmt=info:ofi/fmt:kev:mtx:ctx&sfx.ignore_date_threshold=1&rft.object_id=1000000000229066&svc_val_fmt=info:ofi/fmt:kev:mtx:sch_svc&
856 4 2 _uhttp://link.libris.kb.se/sfxhib?url_ver=Z39.88-2004&ctx_ver=Z39.88-2004&ctx_enc=info:ofi/enc:UTF-8&rfr_id=info:sid/sfxit.com:opac_856&url_ctx_fmt=info:ofi/fmt:kev:mtx:ctx&sfx.ignore_date_threshold=1&rft.object_id=1000000000229066&svc_val_fmt=info:ofi/fmt:kev:mtx:sch_svc&
856 4 2 _uhttp://link.libris.kb.se/sfxjon?url_ver=Z39.88-2004&ctx_ver=Z39.88-2004&ctx_enc=info:ofi/enc:UTF-8&rfr_id=info:sid/sfxit.com:opac_856&url_ctx_fmt=info:ofi/fmt:kev:mtx:ctx&sfx.ignore_date_threshold=1&rft.object_id=1000000000229066&svc_val_fmt=info:ofi/fmt:kev:mtx:sch_svc&
856 4 2 _uhttp://link.libris.kb.se/sfxkth?url_ver=Z39.88-2004&ctx_ver=Z39.88-2004&ctx_enc=info:ofi/enc:UTF-8&rfr_id=info:sid/sfxit.com:opac_856&url_ctx_fmt=info:ofi/fmt:kev:mtx:ctx&sfx.ignore_date_threshold=1&rft.object_id=1000000000229066&svc_val_fmt=info:ofi/fmt:kev:mtx:sch_svc&
856 4 2 _uhttp://link.libris.kb.se/sfxlaub?url_ver=Z39.88-2004&ctx_ver=Z39.88-2004&ctx_enc=info:ofi/enc:UTF-8&rfr_id=info:sid/sfxit.com:opac_856&url_ctx_fmt=info:ofi/fmt:kev:mtx:ctx&sfx.ignore_date_threshold=1&rft.object_id=1000000000229066&svc_val_fmt=info:ofi/fmt:kev:mtx:sch_svc&
856 4 2 _uhttp://link.libris.kb.se/sfxsub?url_ver=Z39.88-2004&ctx_ver=Z39.88-2004&ctx_enc=info:ofi/enc:UTF-8&rfr_id=info:sid/sfxit.com:opac_856&url_ctx_fmt=info:ofi/fmt:kev:mtx:ctx&sfx.ignore_date_threshold=1&rft.object_id=1000000000229066&svc_val_fmt=info:ofi/fmt:kev:mtx:sch_svc&
856 4 2 _uhttp://sfxeu05.hosted.exlibrisgroup.com/46LUB?url_ver=Z39.88-2004&ctx_ver=Z39.88-2004&ctx_enc=info:ofi/enc:UTF-8&rfr_id=info:sid/sfxit.com:opac_856&url_ctx_fmt=info:ofi/fmt:kev:mtx:ctx&sfx.ignore_date_threshold=1&rft.object_id=1000000000229066&svc_val_fmt=info:ofi/fmt:kev:mtx:sch_svc&
942 _2ddc
_cBK
999 _c196703
_d196703